| 000 | 00880nam a2200325Ia 4500 | ||
|---|---|---|---|
| 008 | 170203s9999 xx 000 0 und d | ||
| 020 | _a0-439570654 | ||
| 050 | _aFic | ||
| 050 | _bD199i | ||
| 100 | _aDanziger, Paula . | ||
| 245 | _aIt's a fair day, Amber Brown / | ||
| 245 | _cPaula Danziger ; illustrated by Tony Ross. | ||
| 260 | _aNew York : | ||
| 260 | _bScholastic, | ||
| 260 | _c2004 | ||
| 300 | _a48 pages : | ||
| 300 | _bcolor illustrations ; | ||
| 300 | _c23 cm. | ||
| 500 | _aOriginally published: New York : Putnam's, 2002. | ||
| 650 | _aBest friends -- | ||
| 650 | _aFairs -- | ||
| 650 | _aLost children -- | ||
| 650 | _aMissing children -- | ||
| 650 | _aParent and child -- | ||
| 650 | _xFiction. | ||
| 650 | _xJuvenile fiction. | ||
| 650 | _xJuvenile fiction. | ||
| 650 | _xJuvenile fiction. | ||
| 650 | _xJuvenile fiction. | ||
| 999 |
_c306490 _d306490 |
||